|
|
|
|
| LEADER |
00000naa2a2200000 4500 |
| 001 |
603750 |
| 005 |
20260204132929.0 |
| 035 |
|
|
|a (RuTPU)RU\TPU\conf\949
|
| 035 |
|
|
|a RU\TPU\conf\947
|
| 090 |
|
|
|a 603750
|
| 100 |
|
|
|a 20140204d2013 k y0rusy50 ca
|
| 101 |
0 |
|
|a rus
|
| 102 |
|
|
|a RU
|
| 135 |
|
|
|a drnn ---uucaa
|
| 181 |
|
0 |
|a i
|
| 182 |
|
0 |
|a b
|
| 200 |
1 |
|
|a Robotis Bioloid в учебных и образовательных целях
|f И. И. Булуев, В. Е. Маслов
|g науч. рук. В. В. Михайлов
|
| 203 |
|
|
|a Текст
|c электронный
|
| 225 |
1 |
|
|a Автоматизация и управление в технических системах
|
| 300 |
|
|
|a Заглавие с титульного экрана
|
| 320 |
|
|
|a [Библиогр.: с. 205 (3 назв.)]
|
| 337 |
|
|
|a Adobe Reader
|
| 463 |
|
1 |
|0 (RuTPU)RU\TPU\conf\515
|t Молодежь и современные информационные технологии
|o сборник трудов XI Международной научно-практической конференции студентов, аспирантов и молодых ученых, г. Томск, 13-16 ноября 2013 г.
|f Национальный исследовательский Томский политехнический университет (ТПУ) ; под ред. Е. А. Сикоры и др.
|v [С. 204-205]
|d 2013
|
| 610 |
1 |
|
|a труды учёных ТПУ
|
| 610 |
1 |
|
|a электронный ресурс
|
| 610 |
1 |
|
|a Robotis Bioloid
|
| 610 |
1 |
|
|a учебные цели
|
| 610 |
1 |
|
|a образовательные цели
|
| 610 |
1 |
|
|a робототехника
|
| 700 |
|
1 |
|a Булуев
|b И. И.
|
| 701 |
|
1 |
|a Маслов
|b В. Е.
|
| 702 |
|
1 |
|a Михайлов
|b В. В.
|c специалист в области информатики и вычислительной техники
|c доцент Томского политехнического университета, кандидат технических наук
|f 1946-
|g Валерий Васильевич
|4 727
|
| 712 |
0 |
2 |
|a Национальный исследовательский Томский политехнический университет (ТПУ)
|b Институт кибернетики (ИК)
|b Кафедра интегрированных компьютерных систем управления (ИКСУ)
|3 (RuTPU)RU\TPU\col\18701
|
| 801 |
|
2 |
|a RU
|b 63413507
|c 20220328
|g RCR
|
| 856 |
4 |
|
|u http://earchive.tpu.ru/handle/11683/70429
|
| 856 |
4 |
|
|u http://www.lib.tpu.ru/fulltext/c/2013/C04/090.pdf
|
| 942 |
|
|
|c CF
|